| 000 | 01495cam a22003974i 4500 | ||
|---|---|---|---|
| 003 | PE-LiUPU | ||
| 005 | 20250731184550.0 | ||
| 008 | 150625s r 000 0 d | ||
| 040 |
_aPE-LiUPU _bspa _cPE-LiUPU _erda |
||
| 082 | 0 | 4 |
_a983.82 _bM594i _223 |
| 100 | 1 |
_aMetraux, Alfred, _eautor. |
|
| 245 | 1 | 3 |
_aLa isla de pascua / _cAlfred Métraux ; traducción de J.J. Arreola. |
| 264 | 1 |
_aMéxico : _bFondo de Cultura Económica, _c1950. |
|
| 300 |
_a262 páginas : _bilustrado, fotos ; _c22 centímetros. |
||
| 336 |
_atext _2rdacontent |
||
| 337 |
_aunmediated _2rdamedia |
||
| 338 |
_avolume _2rdacarrier |
||
| 505 | 0 | _aLa isla de Pascua y el continente perdido. - La isla de Pascua, tierra polinesia. - La trágica historia de la isla de Pascua. - Cómo vivían los pascuenses. - Una sociedad de caníbales. - Los ciclos de la vida. - Relaciones sociales. - Magia y religión. - Las estatuas. - Poesía, música y danza. - El misterio de las tabletas. - Mitos y leyendas de la isla de Pascua. - Los últimos días en la isla de Pascua. | |
| 526 | _aP136 | ||
| 526 | _aP135 | ||
| 526 | _aP134 | ||
| 526 | _aP133 | ||
| 526 | _aP144 | ||
| 526 | _aP143 | ||
| 526 | _aP87 | ||
| 526 | _aP35 | ||
| 526 | _aP20 | ||
| 526 | _aP14 | ||
| 526 | _aP10 | ||
| 526 | _aP06 | ||
| 651 | 1 | 4 |
_aIsla de Pascua _94640 |
| 700 |
_aArreola, Juan José, _d1918-2001, _etraductor. _94641 |
||
| 942 |
_2ddc _cBK |
||
| 999 |
_c41338 _d41338 |
||
| 980 |
_81 _gALBERTO SANCHEZ Responsable de Automatización |
||